|
|
|
|
| LEADER |
00802nab a2200193 i 4500 |
| 001 |
misc44853 |
| 005 |
20191106141101.0 |
| 008 |
181010s1995 hu o 0|| zxx d |
| 022 |
|
|
|a 1215-5233
|
| 040 |
|
|
|a SZTE Miscellanea Repozitórium
|b hun
|
| 041 |
|
|
|a zxx
|
| 100 |
1 |
|
|a Eszik Zoltán
|
| 245 |
1 |
0 |
|a Iskolaszék az általános művelődési központokban
|h [elektronikus dokumentum] :
|b állampolgári jogosítványok az önkormányzati fenntartású intézmények használatában /
|c Eszik Zoltán
|
| 260 |
|
|
|c 1995
|
| 300 |
|
|
|a 94-100
|
| 490 |
0 |
|
|a Iskolakultúra
|v 5 No. 20-21
|
| 695 |
|
|
|a Iskolafelügyelet - Magyarország, Oktatásügy - Magyarország - 20. sz.
|
| 700 |
0 |
1 |
|a Kovács László
|e aut
|
| 856 |
4 |
0 |
|u http://misc.bibl.u-szeged.hu/44853/1/iskolakultura_1995_020_021_094-100.pdf
|z Dokumentum-elérés
|